| 000 | 00888cam a22002771a 4500 | ||
|---|---|---|---|
| 001 | sa 68020900 | ||
| 003 | DLC | ||
| 005 | 20260227112728.0 | ||
| 008 | 810403s1965 ii a 000 0 tibo | ||
| 010 | _asa 68020900 | ||
| 020 | _cRs25.00 | ||
| 025 | _aPL480: I-Tib-55 | ||
| 035 | _a(OCoLC)7304514 | ||
| 040 |
_aDLC _cInU _dDLC |
||
| 050 | 0 | 0 |
_aPL3748 _b.G42 1965 |
| 130 | 0 |
_aGesar. _pʼJaṅ gliṅ |
|
| 245 | 1 | 4 |
_aThe epic of Gesar, Tibet's hero-king / _cedited and published by Lobpon Tenzin Namdak. |
| 260 |
_a[Rdi-li : _bNamdak, _c1965] |
||
| 300 |
_a400 p. : _bill. ; _c24 cm. |
||
| 500 | _aIn Tibetan; preface in English. | ||
| 500 | _a"Printed from original manuscript." | ||
| 500 | _aPp. 383-400 contain an errata list and discussions of Tibetan lore. | ||
| 650 | 0 | _aEpic literature, Tibetan. | |
| 650 | 0 |
_aTibetan language _xTexts. |
|
| 700 | 1 |
_aNamdak, Tenzin, _d1926- |
|
| 999 |
_c89625 _d89625 |
||